Le servitu prediali nel diritto romano
Guardat en:
| Autor principal: | |
|---|---|
| Format: | Llibre |
| Idioma: | italià |
| Publicat: |
Turín
G. Giappichelli
1969
|
| Matèries: | |
| Etiquetes: |
Afegir etiqueta
Sense etiquetes, Sigues el primer a etiquetar aquest registre!
|
MARC
| LEADER | 00000nam a2200000 a 4500 | ||
|---|---|---|---|
| 001 | UCX9050 | ||
| 003 | CL-VaPUC | ||
| 008 | 940512e19690000IT |||||||||||||||||ita|d | ||
| 082 | 0 | 4 | |a 340.54 |b GRO |2 21 |
| 100 | |a Grosso, Giuseppe |e author |9 399136 | ||
| 245 | 1 | 3 | |a Le servitu prediali nel diritto romano |
| 300 | |a 335 p | ||
| 942 | |c BK | ||
| 945 | |d 19940512 00:00:00 |a aalvarez | ||
| 260 | |a Turín |b G. Giappichelli |c 1969 | ||
| 650 | 0 | |a Derecho romano |9 255930 | |
| 583 | |a last modification |c 19940512 00:00:00 |k Rodrigo Vera | ||
| 999 | |c 228394 |d 228392 | ||
| 952 | |0 0 |1 0 |4 0 |6 340_540000000000000_GRO_1969 |7 0 |8 DER_ROM |9 228400 |a BIBDER |b BIBDER |d 2019-11-15 |i 2979160 |o 340.54 GRO 1969 |p 2979160 |r 2023-01-25 |w 2019-11-15 |x Ubicación 4to piso |y BK |z Este recurso debe solicitarse con anticipación |k DER | ||